LEADER 00866nam a2200181 i 4500 001 000000258074 003 CaOOAMICUS 005 20180412000000.0 008 180412s1801 xx u000 u fre u 013 $a236982 026 $ae.nt esa- ntn- chlo (3) 1801 (F) 040 $aSeMil$bita 245 10$aTome 2. 300 $a[4], 330 p., [15] c. di tav. :$bill. 773 0 $aBosc, Louis Augustin Guillaume <1759-1828>$tHistoire naturelle des coquilles, contenant leur description, les moeurs des animaux qui les habitent et leurs usages. Avec figures dessinées d'après nature. Par L.A.G. Bosc ..$dA Paris : chez Deterville, rue du Battoir, n. 16 : de l'Imprimerie de Guilleminet, An X. [1801-1802]$g2$w()13515 850 $aSeMil 852 $aSeMil$W1$xVenegono$y1$m3W I 152 FA$j208420$B208420$CSeMilBibl$Z2$F222058 $8I 996 $6245$aTome 2$9(OLS)http://semarc/title/1533 LEADER 01113nam a2200289 i 4500 001 000000114925 003 CaOOAMICUS 005 20030507000000.0 008 030507s1994 it u000 u ita u 013 $a87613 020 $a88-315-0978-0 040 $aSeMil$bita 100 1 $aGarzonio, Marco,$d<1939- >.$0(OLS)http://semarc/name/15988 245 10$aLazzaro :$bl'amicizia nella Bibbia /$cMarco Garzonio. 260 $aMilano :$bPaoline,$c1994. 300 $a145 p. ;$c22 cm. 490 0 $aLetteratura biblica ;$v4 500 $aFondo Card. C.M. Martini. 650 4$aBibbia - Tema [dell'] Amicizia.$0(OLS)http://semarc/subject/20975 830 0$aLetteratura biblica ;$v4.$0(OLS)http://semarc/title/11834 850 $aSeMil 852 $aSeMil$W1$xVenegono$y1$m3F II 227$j70466$B70466$CSeMilBibl$Z2$F97805 $81 941 1 $a4 961 $aOmaggio: Martini Card. Carlo Maria 996 $6020$a88-315-0978-0$9(OLS)http://semarc/number/98459 996 $6245$aLazzaro :$bl'amicizia nella Bibbia$9(OLS)http://semarc/title/168144 996 $6260$aMilano :$bPaoline$9(OLS)http://semarc/publisher/29684